[Event "San Francisco TNM Spring op"]
[Site "San Francisco"]
[Date "2017.03.21"]
[Round "2"]
[White "Weingarten, Daniel P"]
[Black "Khristoforov, Sergey"]
[Result "0-1"]
[WhiteElo "1658"]
[BlackElo "1934"]
[PlyCount "110"]
[EventDate "2017.03.14"]
[EventType "swiss"]
[EventRounds "8"]
[EventCountry "USA"]
[SourceTitle "EXT 2023"]
[Source "ChessBase"]
[SourceDate "2022.10.05"]
[SourceVersion "1"]
[SourceVersionDate "2022.10.05"]
[SourceQuality "1"]

1. e4 c6 2. d4 d5 3. e5 Bf5 4. Bd3 Bxd3 5. Qxd3 e6 6. Nf3 Nd7 7. 0-0 c5 8. c3 Ne7 9. dxc5 Nxc5 10. Qb5+ Nc6 11. Nd4 Qc7 12. f4 a6 13. Qe2 Ne4 14. Be3 Bc5 15. Nd2 Nxd2 16. Qxd2 Qb6 17. b4 Bxd4 18. Bxd4 Nxd4 19. cxd4 Rc8 20. Rac1 Rc4 21. Rxc4 dxc4 22. Qc3 Qc6 23. Rc1 b5 24. Kf2 Qe4 25. Qe3 Qd5 26. Qc3 h5 27. Re1 Ke7 28. Re2 Rd8 29. Ke3 Rd7 30. Rd2 Kd8 31. Rc2 Rc7 32. Rf2 g6 33. Rc2 Kc8 34. Rd2 Kb7 35. Rf2 Qd8 36. Rd2 Rd7 37. a3 Rd5 38. Ra2 Qh4 39. g3 Qh3 40. Qc2 h4 41. Qg2 Qf5 42. Qc2 Qh5 43. Qe2 Qxe2+ 44. Rxe2 hxg3 45. hxg3 a5 46. Ra2 axb4 47. axb4 Rd8 48. Ke4 Kb6 49. Ra3 Rd7 50. Ra1 Ra7 51. Rb1 Kc6 52. g4 Ra3 53. f5 exf5+ 54. gxf5 gxf5+ 55. Kxf5 Kd5 0-1

[Event "San Francisco TNM Winter op"]
[Site "San Francisco"]
[Date "2011.02.22"]
[Round "8"]
[White "Sherwood, Peter"]
[Black "Khristoforov, Sergey"]
[Result "1-0"]
[WhiteElo "1798"]
[BlackElo "2026"]
[PlyCount "103"]
[EventDate "2011.01.04"]
[EventType "swiss"]
[EventRounds "8"]
[EventCountry "USA"]
[SourceTitle "EXT 2012"]
[Source "ChessBase"]
[SourceDate "2011.11.24"]
[SourceVersion "1"]
[SourceVersionDate "2011.11.24"]
[SourceQuality "1"]

1. e4 c6 2. d4 d5 3. Nc3 dxe4 4. Nxe4 Bf5 5. Ng3 Bg6 6. h4 h6 7. Nf3 Nd7 8. h5 Bh7 9. Bd3 Bxd3 10. Qxd3 e6 11. Bf4 Ngf6 12. 0-0-0 Nd5 13. Bd2 Bd6 14. Ne4 Bc7 15. Kb1 N7f6 16. Ne5 Nxe4 17. Qxe4 Nf6 18. Qe3 Qd5 19. c4 Qe4+ 20. Kc1 0-0 21. f3 Qxe3 22. Bxe3 c5 23. Nd3 cxd4 24. Bxd4 Rfd8 25. Bc3 Ne8 26. c5 Rd5 27. b4 Rad8 28. Kc2 Nf6 29. g4 e5 30. Rhe1 e4 31. fxe4 Rg5 32. Bxf6 gxf6 33. Rg1 Kh7 34. Rdf1 Kg7 35. Kc3 Be5+ 36. Nxe5 Rxe5 37. Re1 a5 38. a3 axb4+ 39. axb4 Rde8 40. Kd3 Rd8+ 41. Kc3 Rde8 42. Kd3 Rd8+ 43. Kc3 b6 44. cxb6 Rb8 45. Rg2 Rxb6 46. Kc4 Kf8 47. Rd2 Ke7 48. Rd5 Rxd5 49. exd5+ Kd6 50. Rf1 Kd7 51. Kc5 Rd6 52. Ra1 1-0

[Event "San Francisco TNM Winter op"]
[Site "San Francisco"]
[Date "2011.01.18"]
[Round "3"]
[White "Byambaa, Uyanga"]
[Black "Khristoforov, Sergey"]
[Result "1/2-1/2"]
[WhiteElo "1829"]
[BlackElo "2026"]
[PlyCount "85"]
[EventDate "2011.01.04"]
[EventType "swiss"]
[EventRounds "8"]
[EventCountry "USA"]
[SourceTitle "EXT 2012"]
[Source "ChessBase"]
[SourceDate "2011.11.24"]
[SourceVersion "1"]
[SourceVersionDate "2011.11.24"]
[SourceQuality "1"]

1. e4 c6 2. d4 d5 3. Nd2 dxe4 4. Nxe4 Bf5 5. Ng3 Bg6 6. Nf3 Nd7 7. h4 h6 8. Bd3 Bxd3 9. Qxd3 Ngf6 10. Nf5 e6 11. Ne3 Qc7 12. Bd2 0-0-0 13. b4 Nd5 14. Nxd5 cxd5 15. 0-0 Bd6 16. Rfc1 Nb6 17. a4 Nc4 18. b5 Kd7 19. a5 Rc8 20. Be1 Bf4 21. Rcb1 b6 22. axb6 axb6 23. Ra6 Ra8 24. Rba1 Qb7 25. Qb3 Bc7 26. Bb4 Rhb8 27. Ne1 Rxa6 28. bxa6 Qc6 29. Qf3 Ke8 30. Nd3 Ra8 31. Qg4 g6 32. h5 g5 33. Qe2 Qb5 34. a7 Nb2 35. Qd2 Na4 36. c3 Rxa7 37. Qc2 Ra6 38. Ne1 Nc5 39. Rb1 Ne4 40. f3 Nf6 41. Be7 Qxb1 42. Qxb1 Kxe7 43. g4 1/2-1/2

[Event "San Francisco TNM Fall op"]
[Site "San Francisco"]
[Date "2010.11.09"]
[Round "4"]
[White "Newey, Richard H"]
[Black "Khristoforov, Sergey"]
[Result "1-0"]
[WhiteElo "1744"]
[BlackElo "2167"]
[PlyCount "91"]
[EventDate "2010.10.20"]
[EventType "swiss"]
[EventRounds "9"]
[EventCountry "USA"]
[SourceTitle "EXT 2012"]
[Source "ChessBase"]
[SourceDate "2011.11.24"]
[SourceVersion "1"]
[SourceVersionDate "2011.11.24"]
[SourceQuality "1"]

1. e4 c6 2. d4 d5 3. e5 Bf5 4. Nf3 e6 5. Be2 c5 6. 0-0 Nc6 7. c3 c4 8. Bg5 Nge7 9. Nh4 Bg6 10. Nxg6 hxg6 11. Nd2 b5 12. Nf3 Qa5 13. b3 Qb6 14. bxc4 dxc4 15. Nd2 Nd5 16. Ne4 Rc8 17. Rb1 Nb8 18. Bf3 Nd7 19. Re1 f5 20. exf6 gxf6 21. Bd2 Kf7 22. Qe2 b4 23. Rb2 bxc3 24. Rxb6 cxd2 25. Ng5+ Kg7 26. Nxe6+ Kh7 27. Nxf8+ Rhxf8 28. Rb7 dxe1Q+ 29. Qxe1 N5b6 30. Qe7+ Kh6 31. Qe3+ g5 32. h4 Rfe8 33. hxg5+ fxg5 34. Qc3 a5 35. d5 Rb8 36. d6 Rxb7 37. Bxb7 Ne5 38. Qh3+ Kg7 39. Qh5 Nf7 40. d7 Nxd7 41. Bd5 Re1+ 42. Kh2 c3 43. Qxf7+ Kh6 44. Qf5 Ne5 45. Qh3+ Kg6 46. Qxc3 1-0